000 005240000a22001930004500
001 003636
003 MACL
005 20150729115930.0
008 150729b xxu||||| |||| 00| 0 eng d
040 _aMACL
_cMACL
041 _aEnglish
082 _a334.68/PAW
100 _aPanwar, J. S.
_93075
245 _aMarketing in the New Era
_bCombatin Competition in a Globalizing Economy
_cJ. S. Panwar
260 _aNew Delhi
_c1997
_bResponse Books,
350 _a195
650 _aSocial Science
_93076
942 _k335
_cBK
_2ddc
999 _c15533
_d15533